Duck at the door / (Record no. 114755)
[ view plain ]
| 000 -LEADER | |
|---|---|
| fixed length control field | 00537nam a2200169 a 4500 |
| 005 - DATE AND TIME OF LATEST TRANSACTION | |
| control field | 20140414132111.0 |
| 008 - FIXED-LENGTH DATA ELEMENTS--GENERAL INFORMATION | |
| fixed length control field | 110513s19uu xx 00 eng d |
| 050 ## - LIBRARY OF CONGRESS CALL NUMBER | |
| Classification number | TR |
| Item number | D85 2007 |
| 100 ## - MAIN ENTRY--PERSONAL NAME | |
| Personal name | Urbanovic, Jackie. |
| 245 ## - TITLE STATEMENT | |
| Title | Duck at the door / |
| Statement of responsibility, etc | Jackie Urbanovic. |
| 260 ## - PUBLICATION, DISTRIBUTION, ETC. (IMPRINT) | |
| Place of publication, distribution, etc | New York, NY : |
| Name of publisher, distributor, etc | Scholastic , |
| Date of publication, distribution, etc | c2007. |
| 520 ## - SUMMARY, ETC. | |
| Summary, etc | When Max the duck decides to stay behind when his flock flies south, Irene invites him to stay with her for the winter. |
| 650 ## - SUBJECT ADDED ENTRY--TOPICAL TERM | |
| Topical term or geographic name as entry element | Ducks |
| 650 ## - SUBJECT ADDED ENTRY--TOPICAL TERM | |
| Topical term or geographic name as entry element | Animals |
| 650 ## - SUBJECT ADDED ENTRY--TOPICAL TERM | |
| Topical term or geographic name as entry element | Winter |
| Withdrawn status | Lost status | Damaged status | Use restrictions | Home library | Current library | Shelving location | Date acquired | Source of acquisition | Cost, normal purchase price | Total Checkouts | Full call number | Barcode | Date last seen | Price effective from | Koha item type |
|---|---|---|---|---|---|---|---|---|---|---|---|---|---|---|---|
| Munich Library | Munich Library | Teachers Reference Section | 05/13/2011 | 165.00 | TR D85 2007 | M6649 | 04/14/2014 | 04/14/2014 | Books |